Uplatňovanie mzdových foriem a odmeňovania vedúcich pracovníkov v 8. päťročnici

Bibliographic Details
Main Author: Benková, Alžbeta (Author)
Format: Article
Language:Slovak
Subjects:

MARC

LEADER 00000nab a2200000 a 4500
001 vtls000277044
003 SK-MaSNL
005 20260303200803.0
008 111202c1986 xo 0 slo
015 |a SNBRA19rr/mm-uuuuu 
035 |a CL0287162 
040 |a SNKBUCL  |b slo  |c SNKBUCL  |e AACR2 
041 0 |a slo 
044 |a xo  |c SK 
080 |a 331.23  |2 1981 
080 |a 331.2  |2 1981 
080 |a 331.021.5-051  |2 1981 
100 1 |a Benková, Alžbeta  |4 aut  |9 1015394 
245 1 0 |a Uplatňovanie mzdových foriem a odmeňovania vedúcich pracovníkov v 8. päťročnici  |c Alžbeta Benková 
650 0 7 |a mzdy  |2 snkbucl  |9 2316 
650 0 7 |a formy mzdové  |2 snkbucl  |9 950440 
650 0 7 |a vedúci pracovníci  |2 snkbucl  |9 59720 
650 0 7 |a odmeňovanie  |2 snkbucl  |9 2329 
655 7 |a články zo zborníkov  |2 snkbucl  |9 166140 
773 0 |t Aktuálne otázky mzdovej politiky v 8. päťročnici  |d Banská Bystrica : Dom techniky ČSVTS, 1986 
850 |a Slovenská národná knižnica v Martine  |a MTA001 
852 |a SNK  |b KIS3GCP 
958 |a RK 
992 |a RZB 
999 |c 2169751  |d 2171681